000 00413nam a2200133Ia 4500
005 20260328104248.0
008 260328s9999||||xx |||||||||||||| ||und||
100 _aGonzález Sandino, Rafael
245 0 _aAnálisis Bioclimático de la Arquitectura /
_cRafael González Sandino
260 _bEscuela Técnica Superior de Arquitectura de Sevilla
300 _a58 p.
650 _aARQUITECTURA Y CLIMA
942 _cBK
999 _c10156
_d10156